Automaton theory and learning systems /
Guardado en:
| Otros Autores: | |
|---|---|
| Formato: | Libro |
| Idioma: | English |
| Publicado: |
Washington, D.C. :
Thompson Book Co.,
1967.
|
| Etiquetas: |
Agregar Etiqueta
Sin Etiquetas, Sea el primero en etiquetar este registro!
|
| LEADER | 01120cam a22001815a 4500 | ||
|---|---|---|---|
| 001 | MAT.inmabb002423 | ||
| 008 | 740518s1967####dcua#####b####001#0#eng#d | ||
| 005 | 20160610152502.0 | ||
| 245 | 0 | 0 | |a Automaton theory and learning systems / |c edited by D. J. Stewart from contributions selected by Stafford Beer, F. H. George and the late Richard Goodman. |
| 260 | |a Washington, D.C. : |b Thompson Book Co., |c 1967. | ||
| 300 | |a xi, 215 p. : |b il. ; |c 24 cm. | ||
| 505 | 0 | 0 | |t Algorithms, Turing machines and finite automata : an introductory survey / |r J. C. Shepherdson -- |t The set theory of mechanism and homeostasis / |r W. Ross Ashby -- |t Logical nets and organisms that learn / |r D. J. Stewart -- |t Computer programming and learning theory / |r F. H. George and D. J. Stewart -- |t Learning, language and computers / |r F. H. George -- |t Learning systems / |r A. M. Andrew -- |t Man as a system that needs to learn / |r Gordon Pask. |
| 504 | |a Incluye referencias bibliográficas. | ||
| 510 | 4 | |a MR, |c 36 #7442 | |
| 700 | 1 | |a Stewart, D. J. |q (David John) |4 edt | |
| 084 | |a 94.40 (68.00) |2 MR | ||
| 010 | |a 67028000 | ||
| 859 | |h 68 |i Au9395 |p A-4108 |b BIB. MATEMATICA | ||
